000 00845nam a2200265 a 4500
001 000024403
003 DO-SdBNP
005 20240925085246.0
007 ta
008 110113s1978 dr a 001 0 spa d
020 _a848401018X
040 _aDO-SdBNP
_bspa
_cBNPHU
082 _a970.1
_bT231t
_222
100 1 _aTavares K., Juan Tomás,
_d1953-
_948925
245 1 4 _aThe indians of hispaniola /
_cJuan Tomás Tavares K.
260 _aSanto Domingo :
_bEditora de Santo Domingo,,
_c1978.
300 _a64 P. :
_bil.. ;
_c26 cm.
590 _aInventariado, 2022 / DG
650 4 _aTaínos
_91856
650 4 _aIndígenas de santo domingo
_944222
650 4 _aTaínos
_xVida social y costumbres
_944131
651 0 _aRepública Dominicana --
_xHistoria --
_yDescubrimiento y conquista, 1492-1503
_9255
910 _aDG
942 _2ddc
_cLBS1
999 _c53032
_d53032